Study of the variable factors of rubber resin yield at metot rubber plantion, ការសិក្សាលើកត្តាបមរែបំរួលឬិន្នផលជ័រកៅស៊ូ នៅចំការកៅស៊ូមេមត់ (Record no. 1326)

000 -LEADER
fixed length control field 00955nam a22001577a 4500
003 - CONTROL NUMBER IDENTIFIER
control field OSt
005 - DATE AND TIME OF LATEST TRANSACTION
control field 20150927105350.0
008 - FIXED-LENGTH DATA ELEMENTS--GENERAL INFORMATION
fixed length control field 150927b xxu||||| |||| 00| 0 eng d
040 ## - CATALOGING SOURCE
Transcribing agency RUA
082 ## - DEWEY DECIMAL CLASSIFICATION NUMBER
Classification number AGR CHA 1999 B001 Or.1
100 ## - MAIN ENTRY--PERSONAL NAME
9 (RLIN) 1411
Personal name CHAN, PEO.
245 ## - TITLE STATEMENT
Title Study of the variable factors of rubber resin yield at metot rubber plantion, ការសិក្សាលើកត្តាបមរែបំរួលឬិន្នផលជ័រកៅស៊ូ នៅចំការកៅស៊ូមេមត់
260 ## - PUBLICATION, DISTRIBUTION, ETC. (IMPRINT)
Place of publication, distribution, etc. Phnom Penh
Name of publisher, distributor, etc. RUA
Date of publication, distribution, etc. 1999
300 ## - PHYSICAL DESCRIPTION
Extent 79p.
Other physical details ill.
Dimensions 29cm.
942 ## - ADDED ENTRY ELEMENTS (KOHA)
Source of classification or shelving scheme
Koha item type AGR
Holdings
Price effective from Date last seen Permanent Location Not for loan Date acquired Source of classification or shelving scheme Koha item type Barcode Lost status Damaged status Shelving location Withdrawn status Current Location Full call number
2015-09-272015-09-27Library Block B 2015-09-27 AGRRUA019052  B001 Library Block BAGR CHA 1999 B001 Or.1
មជ្ឈមណ្ឌលឯការនៃសាកលវិទ្យាល័យភូមិន្ទកសិកម្មចំការដូង

Powered by Koha